| 000 | 00602nam a22001817a 4500 | ||
|---|---|---|---|
| 999 |
_c58758 _d58758 |
||
| 005 | 20220715124658.0 | ||
| 008 | 220715s2022en xxu||||| |||| 00| 0 eng d | ||
| 020 | _a9798775222529 | ||
| 041 | _aeng | ||
| 080 | _a338.48+796.5 V-98 | ||
| 100 |
_a Vučetić, Aleksa Š. _914422 |
||
| 245 |
_aSTRATEGIC MANAGEMENT IN TOURISM / _cAleksa S, Vučetić |
||
| 264 |
_aBritain, _c2022. |
||
| 300 |
_a260 pages. _c27cm. |
||
| 653 | _aSTRATEGIC MANAGEMENT IN TOURISM | ||
| 653 | _aსტრატეგიული მენეჯმენტი ტურიზმში | ||
| 942 |
_2udc _cBK |
||